| 000 | 00437nam a2200157 a 4500 | ||
|---|---|---|---|
| 005 | 20140310183133.0 | ||
| 008 | 030127s19uu xx 00 eng d | ||
| 020 | _a0702807036 | ||
| 050 |
_aG 1021 _b.B287 1987 |
||
| 245 | _aBartholomew mini world atlas / | ||
| 260 |
_aScotland : _bJohn Bartholomew & Son Ltd., _c1987. |
||
| 300 |
_a192 p. : _bill. col. maps ; _c18 cm. |
||
| 650 | _aWorld atlas | ||
| 942 |
_cBK _2lcc |
||
| 999 |
_c19207 _d19207 |
||